[Event "Stein am Rhein op 12th"]
[Site "Stein am Rhein"]
[Date "2021.11.05"]
[Round "1"]
[White "Wunderlin, Thomas"]
[Black "Mazenauer, Christian"]
[Result "1-0"]
[WhiteElo "1807"]
[BlackElo "1447"]
[PlyCount "45"]
[EventDate "2021.11.05"]
[EventType "swiss"]
[EventRounds "5"]
[EventCountry "SUI"]
[SourceTitle "EXT 2023"]
[Source "ChessBase"]
[SourceDate "2022.10.05"]
[SourceVersion "1"]
[SourceVersionDate "2022.10.05"]
[SourceQuality "1"]

1. d4 Nf6 2. e3 g6 3. Bd3 Bg7 4. f4 d6 5. Nf3 0-0 6. 0-0 c5 7. Nbd2 Nc6 8. c3 e6 9. Qe1 Ne7 10. Ne4 b6 11. Nxf6+ Bxf6 12. Be4 Rb8 13. Bd2 Bb7 14. Bxb7 Rxb7 15. Rd1 c4 16. e4 d5 17. e5 Bg7 18. a3 f6 19. exf6 Rxf6 20. Ne5 Qd6 21. Be3 Nc6 22. Rd2 Nxe5 23. dxe5 1-0

[Event "Davos op 20th"]
[Site "Davos"]
[Date "2021.06.13"]
[Round "5"]
[White "Dekker, Jasper"]
[Black "Mazenauer, Christian"]
[Result "1-0"]
[WhiteElo "1825"]
[BlackElo "1455"]
[PlyCount "43"]
[EventDate "2021.06.11"]
[EventType "swiss"]
[EventRounds "5"]
[EventCountry "SUI"]
[SourceTitle "CBM 203 Extra"]
[Source "ChessBase"]
[SourceDate "2021.09.30"]
[SourceVersion "1"]
[SourceVersionDate "2021.09.30"]
[SourceQuality "1"]

1. e4 c5 2. d4 cxd4 3. c3 dxc3 4. Nxc3 Nc6 5. Nf3 e6 6. Bc4 Bb4 7. 0-0 Nge7 8. Qe2 0-0 9. Rd1 Qc7 10. Nb5 Qd8 11. Bf4 d5 12. Nc7 Bd6 13. Bxd6 Qxd6 14. Nxa8 Qb8 15. exd5 exd5 16. Nb6 dxc4 17. Nxc4 Be6 18. Rac1 b5 19. Nfe5 Nxe5 20. Nxe5 Rd8 21. Rxd8+ Qxd8 22. Rd1 1-0

[Event "Davos op 20th"]
[Site "Davos"]
[Date "2021.06.13"]
[Round "4"]
[White "Mazenauer, Christian"]
[Black "Federer, Colin"]
[Result "1-0"]
[WhiteElo "1455"]
[BlackElo "1638"]
[PlyCount "97"]
[EventDate "2021.06.11"]
[EventType "swiss"]
[EventRounds "5"]
[EventCountry "SUI"]
[SourceTitle "CBM 203 Extra"]
[Source "ChessBase"]
[SourceDate "2021.09.30"]
[SourceVersion "1"]
[SourceVersionDate "2021.09.30"]
[SourceQuality "1"]

1. c4 Nf6 2. g3 c6 3. Bg2 d5 4. Nf3 e6 5. Nc3 dxc4 6. Ne5 Qd4 7. Nf3 Qc5 8. 0-0 b5 9. d3 Nd5 10. e4 Nxc3 11. bxc3 cxd3 12. Qxd3 Be7 13. Be3 Qd6 14. Rfd1 Qxd3 15. Rxd3 Bb7 16. Ne5 c5 17. Rad1 c4 18. Rd4 0-0 19. Nd7 Nxd7 20. Rxd7 Rad8 21. Bf3 a6 22. Rxb7 Bf6 23. Rxd8 Rxd8 24. Bd4 Bxd4 25. cxd4 Rc8 26. d5 c3 27. Bd1 g6 28. Bc2 Rd8 29. Rc7 exd5 30. Rxc3 d4 31. Rd3 Kf8 32. f4 Ke7 33. Kf2 a5 34. Rd1 Rc8 35. Bd3 Kd6 36. Bxb5 Rc2+ 37. Kg1 Kc5 38. Be8 Rxa2 39. Rc1+ Kb4 40. Bxf7 Re2 41. Rc4+ Ka3 42. Rxd4 Re1+ 43. Kf2 Rc1 44. e5 Rc2+ 45. Kg1 Rc1+ 46. Kg2 Rc7 47. e6 a4 48. Rd7 Rc4 49. e7 1-0

[Event "Lugano Special Edition op 19th"]
[Site "Lugano"]
[Date "2021.03.12"]
[Round "1"]
[White "Mazenauer, Christian"]
[Black "Rossini, Luca1111"]
[Result "0-1"]
[WhiteElo "1467"]
[BlackElo "1878"]
[PlyCount "74"]
[EventDate "2021.03.12"]
[EventType "swiss"]
[EventRounds "5"]
[EventCountry "SUI"]
[SourceTitle "CBM 201 Extra"]
[Source "ChessBase"]
[SourceDate "2021.05.31"]
[SourceVersion "1"]
[SourceVersionDate "2021.05.31"]
[SourceQuality "1"]

1. c4 Nf6 2. g3 d6 3. Bg2 g6 4. Nc3 Bg7 5. Nf3 0-0 6. 0-0 e5 7. d3 Nc6 8. Bg5 h6 9. Bxf6 Bxf6 10. Nd5 Bg7 11. Rb1 Ne7 12. Nd2 c6 13. Nxe7+ Qxe7 14. e3 Be6 15. Ne4 f5 16. Nc3 f4 17. exf4 exf4 18. Re1 Qd7 19. Ne2 f3 20. Nf4 Rxf4 21. gxf4 fxg2 22. Re3 Re8 23. Rg3 Bf5 24. Qf3 Qe6 25. Kxg2 Qe2 26. h4 Qxf3+ 27. Rxf3 h5 28. b3 Bf6 29. Kg3 Bd4 30. Kg2 Bg4 31. Rg3 Re2 32. Rf1 Rxa2 33. Kg1 Rd2 34. Rg2 Bh3 35. Rxg6+ Kf7 36. Rxd6 Bc5 37. Rd7+ Bxd7 0-1